Normal view
MARC view
Entry Topical Term
001 - CONTROL NUMBER
- control field: 45902
003 - CONTROL NUMBER IDENTIFIER
- control field: ARRUPE
005 - DATE AND TIME OF LATEST TRANSACTION
- control field: 20190424124748.0
008 - FIXED-LENGTH DATA ELEMENTS
- fixed length control field: 190424|| aca||aabn | a|a d
040 ## - CATALOGING SOURCE
- Original cataloging agency: ARRUPE
- Transcribing agency: ARRUPE
150 ## - HEADING--TOPICAL TERM
- Topical term or geographic name as entry element: Book industries and trade
- General subdivision: social aspects
- General subdivision: history
670 ## - SOURCE DATA FOUND
- Source citation: Work cat.: (ARRUPE): Finkelstein, David 45899, An introduction to book history , 2013.